Statistics for Be More Chill Songs

Click here to take the quiz!

General Stats

  • This quiz has been taken 1,268 times
  • The average score is 18 of 21

Answer Stats

Song% Correct
More Than Survive
98%
Michael In the Bathroom
95%
The Squip Song
94%
Do You Wanna Ride?
92%
Halloween
91%
The Play
91%
Two-Player Game
90%
I Love Play Rehearsal
89%
Voices In My Head
88%
Do You Wanna Hang?
86%
Upgrade
86%
The Squip Enters
85%
Be More Chill, Part 1
84%
Be More Chill, Part 2
84%
Jeremy's Theme
84%
The Pants Song
84%
The Smartphone Hour (Rich Set a Fire)
84%
The Pitiful Children
81%
More Than Survive (Reprise)
78%
A Guy That I'd Kinda Be Into
75%
The Squip Lurks
66%

Score Distribution

Percentile by Number Answered

Percent of People with Each Score

Your Score History

You have not taken this quiz